| 000 | 00539nam a2200157 a 4500 | ||
|---|---|---|---|
| 001 | 000045513 | ||
| 005 | 20201002052306.0 | ||
| 008 | 150413s1988 dr ac 000 0 spa d | ||
| 040 |
_aDO-SdBNP _bspa _cBNPHU |
||
| 082 |
_axxxx _bxxxx |
||
| 100 | 1 |
_aMontero, Pedro Generoso, _d1967- _973566 |
|
| 245 | 1 | 0 |
_aCurso teorico para la enseñanza del karate-do / _cPedro Generoso Montero. |
| 260 |
_aSanto Domingo : _bAlfa y Omega, _bBancredicard, _c1988. |
||
| 300 |
_a110 p. : _bil., retrs. ; _c17 cm. |
||
| 500 | _aIncluye datos biográficos del autor. | ||
| 999 |
_c45002 _d45002 |
||